00261nam a2200109Ia 4500008004100000100002400041245003200065260001600097260000900113546001200122999001700134170619s9999 xx 000 0 und d aChattopadhyay- A.B. 0aMachining and Machine Tools bWiley-India c2011 aENGLISH c20558d20558